000 00699nam a2200241Ia 4500
003 OSt
005 20220926024645.0
006 a|||||r|||| 00| 0
007 ta
008 220923b |||||||| |||| 00| 0 eng d
020 _a0 571 09596 8
037 _cGeneral Book
040 _aRTL
_cRTL
_beng
041 _2eng
_aeng
082 _aX:54.4(Q7), L0/TD3
100 _aRichard D S Ed.
_9331297
245 0 _aIslam and the trade of Asia
_b A colloquium
260 _aOxford
_bBruno Cassirer
_c1970
300 _avi,266p.
_ccm.
490 _aPapers on Islamic History 11
942 _hX:54.4(Q7), L0/TD3
_cGB
_2CC
999 _c645117
_d645117